SOLVED PAPERS MEDICINE FOR PG STUDENTS: A MUST FOR MD AND DNB MEDICINE PAST 10 YEAR EXAMS ACROSS VARIOUS UNIVERSITIES (Record no. 216933)

MARC details
000 -LEADER
fixed length control field 00793nam a22001817a 4500
008 - FIXED-LENGTH DATA ELEMENTS--GENERAL INFORMATION
fixed length control field 260413b |||||||| |||| 00| 0 eng d
020 ## - INTERNATIONAL STANDARD BOOK NUMBER
International Standard Book Number 978-93-5465-161-8
050 ## - LIBRARY OF CONGRESS CALL NUMBER
Classification number RC 46 .S 24 2022
100 ## - MAIN ENTRY--PERSONAL NAME
Personal name SAHA, ASHIS KUMAR
245 ## - TITLE STATEMENT
Title SOLVED PAPERS MEDICINE FOR PG STUDENTS: A MUST FOR MD AND DNB MEDICINE PAST 10 YEAR EXAMS ACROSS VARIOUS UNIVERSITIES
260 ## - PUBLICATION, DISTRIBUTION, ETC.
Place of publication, distribution, etc. NEW DELHI,
Name of publisher, distributor, etc. JAYPEE BROTHERS MEDICAL PUBLISHERS,
Date of publication, distribution, etc. 2022,
300 ## - PHYSICAL DESCRIPTION
Extent XXii, 1420 P, ILL
500 ## - GENERAL NOTE
General note INCLUDES BIBLIOGRAPHICAL REFERENCES
650 ## - SUBJECT ADDED ENTRY
Topical term or geographic name entry element 1.Internal medicine-Examinations - Study guides 2. Medical education-India-Textbooks 3. Postgraduate medical education-Textbooks 4. Clinical medicine-Examination questions
700 ## - ADDED ENTRY--PERSONAL NAME
Personal name FOREWARD BY GURPREET S WANDER
942 ## - ADDED ENTRY ELEMENTS (KOHA)
Source of classification or shelving scheme Library of Congress Classification
Koha item type Long Loan Book
Holdings
Withdrawn status Lost status Source of classification or shelving scheme Damaged status Not for loan Collection Home library Current library Shelving location Date acquired Inventory number Total checkouts Full call number Barcode Date last seen Copy number Price effective from Koha item type
    Library of Congress Classification     Medicine Kisii University Library Kisii University Library On Display 04/13/2026 112749   RC 46 .S 24 2022 000000024089 04/13/2026 1 04/13/2026 Long Loan Book